[Event "YUG-ch 56th"]
[Site "Herceg Novi"]
[Date "2001.04.02"]
[Round "10"]
[White "Damljanovic, Branko"]
[Black "Kosic, Dragan"]
[Result "0-1"]
[WhiteElo "2561"]
[BlackElo "2504"]
[Annotator "Horn,Pe"]
[PlyCount "84"]
[EventDate "2001.03.23"]
[EventType "tourn"]
[EventRounds "15"]
[EventCountry "YUG"]
[EventCategory "10"]
[SourceTitle "CBM 083"]
[Source "ChessBase"]
[SourceDate "2001.07.05"]
[SourceVersion "1"]
[SourceVersionDate "2001.07.05"]
[SourceQuality "1"]

1. Nf3 Nf6 2. g3 c5 3. Bg2 Nc6 4. O-O e5 5. e4 $5 Be7 (5... Nxe4 6. Re1 d5 7.
d3 Nf6 8. Nxe5 Nxe5 9. Rxe5+ $14) 6. Nc3 d6 7. d3 h6 8. a3 $146 Nd4 ({Nach} 
8... O-O {wird Weiß am Königsflügel vorgehen.}) 9. Nxd4 cxd4 10. Ne2 {[%cal
Yc2c3,Yf2f4]} ({Weiß ist nicht an Verflachung mit} 10. Nd5 {interessiert.})
10... h5 11. h3 Bd7 12. c3 dxc3 13. Nxc3 Be6 14. d4 Qd7 15. dxe5 dxe5 16. Qxd7+
Bxd7 17. Be3 $14 {Weiß ist etwas besser entwickelt.} (17. Bg5 $5) 17... Bc6 18.
b4 a6 19. Rab1 O-O 20. f4 (20. Nd5) 20... Nd7 21. Rfd1 h4 22. a4 b5 23. axb5 (
23. Nd5 Bd8) 23... axb5 24. Nd5 Bd8 25. gxh4 (25. Rbc1) 25... Bxh4 26. Rbc1
Rac8 27. Bf1 exf4 $6 {In Anbetracht der folgenden Ereignisse könnte hier
Zeitnot vorgelegen haben.} (27... Rfd8 $14) 28. Bxf4 Rfe8 $2 29. Bc7 $2 ({
Warum nicht} 29. Rxc6 Rxc6 30. Bxb5 $18) 29... Re6 {Jetzt geht es wieder; in
Anbetracht der offenen Königsstellung hat auch Schwarz Gegenchancen.} 30. Nf4
Rh6 31. Bd6 Bg3 $2 (31... Nb6) 32. Rc3 $2 (32. Bxb5 {lag recht nahe.}) 32...
Bxf4 33. Bxf4 Rg6+ 34. Kh2 Ra8 $1 {Der 2.R greift jetzt in das Geschehen um
den Kh2 ein.} 35. Rd2 (35. Rxc6 Ra2+ 36. Kh1 Rxc6 $13) 35... Nb6 36. Rd6 $2 {
Eben noch hat Weiß die 2. Reihe vorsorglich geschützt; nun gibt er sie
freiwillig preis.} (36. Rc5 $14) 36... Rxd6 (36... Ra2+ $142 37. Rd2 Rxd2+ 38.
Bxd2 Bxe4) 37. Bxd6 Bxe4 38. Bxb5 Nd5 39. Rc4 $2 (39. Rg3 $11) 39... Ra2+ 40.
Kg3 $2 {Zur Krönung noch ein Matt.} (40. Kg1 Rg2+ 41. Kh1 Bf3 {sah nicht gut
aus, es gab aber keine Wahl.}) 40... Rg2+ 41. Kh4 g5+ 42. Kh5 Kh7 0-1

[Event "Luzern"]
[Site "Luzern"]
[Date "1989.??.??"]
[Round "?"]
[White "Landenbergue, Claude"]
[Black "Cebalo, Miso"]
[Result "1/2-1/2"]
[WhiteElo "2345"]
[BlackElo "2485"]
[Annotator "Horn,Pe"]
[PlyCount "48"]
[EventDate "1989.10.??"]
[EventType "tourn"]
[EventRounds "11"]
[EventCountry "SUI"]
[EventCategory "8"]
[SourceTitle "CBM 016"]
[Source "ChessBase"]
[SourceDate "1990.06.01"]
[SourceVersion "1"]
[SourceVersionDate "1990.06.01"]
[SourceQuality "1"]

1. Nf3 c5 2. g3 g6 3. Bg2 Bg7 4. O-O Nc6 5. c3 e5 6. d4 cxd4 7. cxd4 exd4 8.
Na3 Nge7 9. Nb5 h5 {N} (9... Nf5 10. Bf4 O-O 11. g4 Nh4 12. Nxh4 Qxh4 13. h3 {
Todorcevic-Padevski, Vrnjacka Banja 1978 -26/8} a6 {Todorcevic} 14. Nc7 Ra7 $13
) 10. g4 (10. Bf4) 10... a6 11. Bg5 f6 12. gxh5 axb5 13. Bf4 d5 14. Nxd4 Ra4
15. e3 Nxd4 16. b3 Ra6 17. Qxd4 Bf5 18. a4 bxa4 19. Rxa4 Rxa4 20. bxa4 Be6 21.
Qb4 g5 22. Bd6 Bf8 23. Bxe7 Bxe7 24. Qxb7 Rh7 1/2-1/2

[Event "Dubai op"]
[Site "Dubai"]
[Date "2001.04.16"]
[Round "2"]
[White "Glek, Igor Vladimirovich"]
[Black "Sandipan, Chanda"]
[Result "1-0"]
[WhiteElo "2566"]
[BlackElo "2428"]
[Annotator "Horn,Pe"]
[PlyCount "61"]
[EventDate "2001.04.15"]
[EventType "swiss"]
[EventRounds "9"]
[EventCountry "UAE"]
[SourceTitle "CBM 083"]
[Source "ChessBase"]
[SourceDate "2001.07.05"]
[SourceVersion "1"]
[SourceVersionDate "2001.07.05"]
[SourceQuality "1"]

1. e4 c5 2. Nf3 e6 3. d3 Nc6 4. g3 Nge7 5. Bg2 g6 6. O-O Bg7 7. c3 O-O 8. d4
cxd4 9. cxd4 d5 ({Zu wilden Verwicklungen führt} 9... Qb6 10. d5 Bxb2) 10. e5
f6 11. Re1 fxe5 ({Gleks eigene Wahl in dieser Stellung war} 11... Nf5 {was
wohl auch der kritische Zug sein dürfte.} 12. Nc3 Bd7 (12... Kh8 13. g4 (13. h4
{Ist nach den mir vorliegenden Partien nicht zu empfehlen.} Bd7 14. Bf4 fxe5
15. dxe5 Nxh4 16. Nxh4 g5 $132 {Van der Weide,K-Glek,I/Germany 1998}) {Hier
entschied sich Glek für ein spektakuläres (möglicherweise nicht ganz korrektes)
Figurenopfer:} 13... Nh4 14. Nxh4 fxe5 15. Nf3 exd4 16. Bg5 Qb6 17. Na4 Qc7 18.
Nd2 {Bhat,V-Glek,I/Internet ICC 2000}) 13. g4 {1/2-1/2 Glek,I-Sakaev,K/St
Petersburg 1998}) 12. dxe5 Nf5 (12... Bd7 13. Nc3 Rc8 14. Bf4 Nf5 15. Qd2 Na5
16. b3 b5 $4 (16... h6) 17. Bg5 $18 {Ljubojevic,L-Tatai,S/Manila 1973}) 13. Nc3
h6 14. h4 d4 {Schwarz verschärft das Spiel.} ({Stattdessen gab es eine breite
Auswahl an ruhigen Zügen, z.B.:} 14... Bd7) (14... Qb6) 15. Ne4 (15. Ne2 {
ist die Alternative.}) 15... Nxe5 16. Nxe5 Bxe5 17. Nc5 Bd6 $2 {Das scheint
nicht die richtige Wahl zu sein, da der K entblößt wird.} (17... Qc7 18. b4 Bf6
(18... Bd6 $6 19. Nxe6 Bxe6 20. Rxe6 $16) (18... Bxg3 $6 19. fxg3 Qxg3 {
Materiell hat Schwarz mehr als genug, allerdings zeigen die 4 Bauern wenig
Wirkung.}) 19. Nxe6 Bxe6 20. Rxe6 Qc4 21. Re4 $13) (17... Qd6) 18. Nxe6 Bxe6
19. Rxe6 Kg7 (19... Rf6 20. Qb3 $16) 20. Qb3 (20. Be4) 20... Qd7 21. Bd2 Rae8
22. Rae1 Rxe6 23. Rxe6 Rf7 24. h5 gxh5 25. Qd5 Bb8 (25... Bf8 26. Qe5+ Kg8 27.
Bd5 Bg7 28. Re8+ Kh7 29. Qe4 $18) 26. Bxh6+ Kh8 (26... Kh7 27. Qe4 $18) 27. Qe4
Re7 28. Rxe7 Nxe7 29. Bg5 (29. Bh3 $18) 29... Ng8 30. Qg6 d3 31. Be4 1-0

[Event "Katrineholm"]
[Site "Katrineholm"]
[Date "1999.05.12"]
[Round "2"]
[White "Fedorov, Alexei"]
[Black "Berg, Emanuel"]
[Result "1-0"]
[WhiteElo "2648"]
[BlackElo "2364"]
[Annotator "Horn,Pe"]
[PlyCount "143"]
[EventDate "1999.05.??"]
[EventType "tourn"]
[EventRounds "9"]
[EventCountry "SWE"]
[EventCategory "12"]
[SourceTitle "CBM 071"]
[Source "ChessBase"]
[SourceDate "1999.08.01"]
[SourceVersion "1"]
[SourceVersionDate "1999.08.01"]
[SourceQuality "1"]

1. e4 e6 2. d3 c5 3. Nf3 Nc6 4. c3 Nge7 5. g3 g6 6. Bg2 Bg7 7. O-O O-O 8. h4 e5
(8... h6 9. d4 d6 10. Na3 b6 11. Be3 Ba6 (11... f5) 12. Re1 e5 (12... f5) 13.
Qd2 Kh7 14. Red1 Qc7 15. Rac1 f5 16. h5 fxe4 17. Nh4 Bd3 18. hxg6+ Nxg6 19.
Nxg6 Kxg6 20. Nc2 exd4 21. cxd4 Rae8 (21... c4) 22. Ne1 Ba6 23. dxc5 dxc5 24.
Qd5 $16 {Kaminski,M-Solak,D/Halle 1995}) (8... d6 9. Be3 e5 10. Qd2 f5 11. b4
$4 cxb4 12. a3 (12. cxb4 f4 $19) 12... bxc3 $19 {Todorovic,O-Vuksanovic,S/
Belgrade 1998}) 9. h5 d5 10. h6 {Damit wird an der Sicherheit des schwarzen
Monarchen gesägt. Im Gegenzug weist Schwarz eine ungehinderte Entwicklung auf.}
Bf6 {Hier steht der B etwas exponiert.} (10... Bh8 $5) 11. exd5 Nxd5 12. Nbd2
Bg4 13. Qb3 Qd7 (13... Rb8) 14. Re1 (14. Nxe5 {bringt nichts ein:} Nxe5 15.
Qxd5 Nxd3 16. Qxd7 Bxd7 17. Ne4 Be7 $11) 14... Nb6 (14... Rad8 {war
möglicherweise besser:} 15. Nc4 Rfe8 16. Ng5 Bf5 (16... b6 17. Ne3 $14) 17. Ne4
Be7 $13) 15. Ne4 Be7 16. Bg5 Bxf3 $2 (16... Bxg5 17. Nfxg5 Qe7 (17... Qd8 18.
Nf3 Bxf3 19. Bxf3 Qxd3 20. Re3 $16) 18. f4 (18. a4 $5 {[%cal Ya4a5]}) 18... Bf5
(18... exf4 19. gxf4 Be6 20. Qb5 $16) 19. Nd2 (19. Nf2 Bxd3 20. Bxc6 c4 21. Qb5
bxc6 22. Qxe5 Qxe5 23. fxe5 $13) (19. Qb5 f6 $13) 19... Qd8 $13) 17. Bxf3 Bxg5
18. Nxg5 Qxd3 19. Bxc6 bxc6 20. Rxe5 Qd6 (20... Rab8 21. Rd1 c4 22. Rxd3 cxb3
23. Ra5 $16) (20... c4 21. Qa3 $16 {[%cal Ya1e1,Ya3e7,Ye5e7]} f6 $140 $2 22.
Re7 $18) 21. Rae1 (21. Re2) 21... c4 22. Qc2 Qd3 (22... f6 $2 23. Re7 $1 fxg5
24. Rg7+ Kh8 25. Ree7 $18) (22... Rad8 23. Qe4 (23. Qe2 $5) 23... f6 $140 $2
24. Re7 fxg5 25. Rg7+ Kh8 26. Qe7 $18) 23. Qc1 Rad8 (23... Qd6) 24. Qf4 (24.
Ne4) 24... f6 (24... Qd6 25. Ne4 Nd5 26. Qg5 $18) 25. Re7 Nd5 (25... Rd7 26.
Re8 Qd6 27. Nxh7 $1 Qxf4 28. Rxf8+ Kxh7 29. gxf4 $18) (25... fxg5 $4 26. Qe5
$18) 26. Rg7+ Kh8 27. Rxh7+ Kg8 28. Rg7+ Kh8 29. Ne6 $1 $18 Nxf4 30. Nxf4 Rg8
31. Nxd3 cxd3 32. Rxa7 d2 33. Rd1 Rge8 34. Kf1 f5 35. Ra4 c5 36. Rc4 Rd5 37. b4
cxb4 38. cxb4 Ra8 39. Rc2 Ra4 40. Rcxd2 Rxd2 41. Rxd2 Rxb4 42. Rd7 f4 43. gxf4
Rxf4 44. Ra7 Rh4 45. a4 Rxh6 46. a5 Rh4 47. Ke2 Ra4 48. a6 Kg8 49. Kd3 Kf8 50.
Kc3 Ke8 51. Ra8+ Kf7 52. Kb3 Ra1 53. f4 Kg7 54. Kb4 Rb1+ 55. Kc5 Rc1+ 56. Kb6
Rb1+ 57. Ka7 Rb4 58. Rc8 Kh6 59. Rh8+ Kg7 60. Rc8 Kh6 61. Ka8 Rxf4 62. a7 g5
63. Kb7 Rf7+ 64. Kb6 Rxa7 65. Kxa7 Kh5 66. Kb6 Kg4 67. Kc5 Kf3 68. Rf8+ Ke3 69.
Rg8 Kf4 70. Kd4 g4 71. Rf8+ Kg3 72. Ke3 1-0

[Event "EU-ch 2nd"]
[Site "Ohrid"]
[Date "2001.06.09"]
[Round "8"]
[White "Nijboer, Friso"]
[Black "Volokitin, Andrei"]
[Result "0-1"]
[WhiteElo "2580"]
[BlackElo "2493"]
[Annotator "Horn,Pe"]
[PlyCount "105"]
[EventDate "2001.06.01"]
[EventType "swiss"]
[EventRounds "13"]
[EventCountry "YUG"]
[SourceTitle "CBM 084"]
[Source "ChessBase"]
[SourceDate "2001.09.13"]
[SourceVersion "1"]
[SourceVersionDate "2001.09.13"]
[SourceQuality "1"]

1. e4 c5 2. Nf3 e6 3. d3 Nc6 4. g3 g6 5. Bg2 Bg7 6. O-O Nge7 7. c3 e5 8. a3 a5
9. a4 O-O 10. Na3 d6 11. Nb5 h6 12. Nd2 Be6 13. Nc4 d5 $146 {Macht keinen
schlechten Eindruck.} (13... Nc8 14. b3 N6a7 $1 15. Nba3 Nc6 16. Qc2 d5 $13 {
Hort,V-Knaak,R/Halle 1978}) 14. exd5 Bxd5 15. Bxd5 Nxd5 16. Qb3 (16. Qf3 Qd7
17. Ncd6 Nce7 $11) ({Relativ gut gefällt mir} 16. f4 exf4 $140 17. Bxf4 {
Der B leistet eh wenig.} Nxf4 18. Rxf4) 16... Qd7 {Nimmt die nach dem B-tausch
am Königsflügel entstandenen weißfeldrigen Schwächen in Augenschein.} 17. Ncd6
Nce7 18. Bd2 ({Auch hier war noch} 18. f4 {möglich, aber weniger sinnvoll als
2 Züge vorher.} exf4 19. Bxf4 Ra6 20. Nc4 Nxf4 21. Rxf4 Nd5 22. Rff1) 18... Ra6
19. Ne4 Rc6 20. Na7 Rb6 21. Qc4 $2 (21. Qa3 Qh3 22. Nxc5 Nf4 $1 $44 23. gxf4
Qg4+ 24. Kh1 Qf3+ $11) 21... Rxb2 22. Bc1 Re2 23. Nxc5 Qh3 $17 24. Nb5 Nf6 {
[%cal Rf6g4]} 25. Qh4 {Der Not gehorchend.} Qxh4 26. gxh4 b6 27. Nb3 Nf5 {
Es geht nicht nur ein P verloren, zusätzlich ist die weiße Königsstellung
demoliert.} 28. Ba3 Rd8 29. Rad1 Nxh4 30. Nc1 Rc2 $19 31. f3 Rg2+ 32. Kh1 Rd7
33. c4 Nh5 34. c5 bxc5 35. Bxc5 Nf4 36. Be3 Rc2 37. Na3 Rc3 38. Nb5 Rc8 39.
Bxf4 exf4 40. d4 Nf5 41. Nb3 Rc4 42. Rc1 Rb4 43. Nxa5 Rxa4 44. Nc6 Ra2 45. Ra1
Re2 46. Ra4 Rc2 47. d5 Ne3 48. Nbd4 Rc5 49. Ne6 fxe6 50. dxe6 Rd6 51. Ra8+ Kh7
52. e7 Re6 53. Rc8 0-1

[Event "Volgograd"]
[Site "Volgograd"]
[Date "1994.??.??"]
[Round "11"]
[White "Tolstikh, Nikolay"]
[Black "Ayapbergenov, A."]
[Result "1-0"]
[WhiteElo "2410"]
[BlackElo "2420"]
[Annotator "Horn,Pe"]
[PlyCount "99"]
[EventDate "1994.??.??"]
[EventType "tourn"]
[EventRounds "13"]
[EventCountry "NED"]
[EventCategory "8"]
[SourceTitle "CBM 041"]
[Source "ChessBase"]
[SourceDate "1994.08.01"]
[SourceVersion "1"]
[SourceVersionDate "1994.08.01"]
[SourceQuality "1"]

1. Nf3 f5 2. d3 Nf6 (2... d6 $10) (2... Nc6 $10) 3. e4 e5 $5 $146 (3... d6 4.
e5 $14) (3... fxe4 4. Ng5 $44 (4. dxe4 Nxe4 5. Bd3 Nf6 (5... Nc5) 6. Ng5 $44))
4. exf5 (4. Nxe5 d6 5. Nf3 fxe4 6. dxe4 Nxe4) 4... d6 5. Nh4 (5. d4 $1 Qe7 (
5... Bxf5 6. dxe5 dxe5 7. Qxd8+ Kxd8 8. Nxe5 $18) (5... exd4 6. Nxd4 $16) (5...
e4 6. Nh4 $16) 6. Nh4 (6. dxe5 dxe5 7. Nc3) 6... exd4+ 7. Be2 $16) 5... Be7 6.
d4 exd4 7. Qxd4 Nc6 (7... d5) 8. Bb5 O-O 9. Bxc6 bxc6 10. Nc3 c5 11. Qd3 d5 12.
O-O d4 13. Qc4+ Kh8 14. Bg5 $6 (14. Ne2 Ne4 15. Nf3 Bxf5 $15 (15... a5 $5))
14... Nd7 $1 (14... dxc3 15. Rad1 (15. Ng6+ hxg6 16. Qh4+ Kg8 (16... Nh7 17.
fxg6 $18) (16... Nh5 17. Bxe7 Qd4 18. Qxd4 cxd4 19. Bxf8 Ba6 20. Bc5 Bxf1 21.
Kxf1 cxb2 22. Rb1 gxf5 23. Rxb2) 17. Rad1 (17. fxg6 Qd4 $19) 17... Qe8 (17...
Bd6 18. fxg6 Bf5 19. Bxf6 Rxf6 20. Qh7+ Kf8 21. Qh8+ Ke7 22. Qxg7+) 18. Rfe1
Bxf5) 15... Qe8 16. Rfe1 $44) 15. Bxe7 Qxe7 16. g3 dxc3 17. Qxc3 (17. Rae1 Qg5)
17... Qe5 (17... Bb7 $5) 18. Qf3 Rb8 19. Rae1 Qf6 20. Qh5 Qh6 21. Qxh6 gxh6 22.
b3 c4 (22... Rb6 $5 23. Re7 Rd6 $17) 23. Re7 Rb6 24. Rd1 Rd6 25. Rxd6 cxd6 26.
Re6 (26. bxc4 $5) 26... cxb3 27. axb3 d5 (27... Ne5 $6 28. Rxd6 Bb7 29. f4 Nf3+
30. Nxf3 Bxf3 31. f6) 28. Rd6 (28. Rxh6 $2 Nf6 {/\ Kg7-+}) 28... Nb6 $6 (28...
Nf6 $1 $17) 29. g4 h5 (29... Kg7 $1) 30. f3 hxg4 31. fxg4 Bd7 (31... Rg8 32. h3
) (31... Kg7 $5) 32. Nf3 $1 Kg7 (32... Bxf5 33. gxf5 Rxf5 $14) 33. Kf2 Rf6 $2 (
33... Bxf5 34. gxf5 Rxf5 $14) (33... Rc8 $5 34. Nd4 Rc3) (33... Re8 $1) 34.
Rxf6 Kxf6 35. Ke3 $16 Be8 (35... h5 36. h3 hxg4 37. hxg4 Bxf5 (37... a5 38. Kf4
a4 39. g5+ Ke7 40. bxa4 Bxa4 41. Nd4 Nd7) 38. gxf5 Kxf5 39. Nd4+ $16 {><a7}) (
35... Bb5 36. Kf4 Be2 37. g5+ Ke7 38. Nd4 Bd1) (35... Nc8 36. Kf4 Ne7 37. Ne5
Bxf5 38. gxf5 Nxf5 39. Nc6 a6 40. Nb4) (35... a5 $5 36. Kf4 a4 37. g5+ Kg7 38.
bxa4 Bxa4 39. Nd4 Nd7) 36. Kf4 Bf7 37. h4 Nd7 38. g5+ Ke7 (38... Kg7 39. Kg4
h5+ 40. Kf4) 39. Kg4 Kd6 40. h5 Ne5+ $2 $18 (40... a5 41. g6 Bg8 (41... hxg6
42. fxg6 Be6+ 43. Kg5) (41... Nf6+ 42. Kg5 Ne4+ 43. Kh6 $18) 42. Kg5 Ke7 43.
Kh6 hxg6 44. fxg6 (44. Kg7 gxh5 45. Kxg8 Kf6) 44... Kf6) 41. Nxe5 Kxe5 42. g6
Bg8 (42... hxg6 43. fxg6 Be8 44. Kg5 $18) 43. Kg5 h6+ (43... hxg6 44. fxg6 $18)
44. Kxh6 Kf6 (44... Kxf5 45. Kg7 $18) 45. b4 d4 (45... a6 46. c3 $18) 46. b5 {
Zugzwang} Bd5 47. Kh7 Be4 48. g7 Bxf5+ 49. Kh8 Be6 50. h6 1-0

[Event "Dortmund-C"]
[Site "Dortmund"]
[Date "1991.??.??"]
[Round "6"]
[White "Kochyev, Alexander"]
[Black "Thesing, Matthias"]
[Result "1/2-1/2"]
[WhiteElo "2500"]
[BlackElo "2405"]
[Annotator "Horn,Pe"]
[PlyCount "57"]
[EventDate "1991.03.23"]
[EventType "tourn"]
[EventRounds "9"]
[EventCountry "GER"]
[EventCategory "8"]
[SourceTitle "CBM 023"]
[Source "ChessBase"]
[SourceDate "1991.08.01"]
[SourceVersion "1"]
[SourceVersionDate "1991.08.01"]
[SourceQuality "1"]

1. e4 c5 2. Nf3 e6 3. d3 Nc6 4. g3 Nge7 5. Bg2 g6 6. O-O Bg7 7. c3 e5 8. Be3 d6
9. d4 exd4 10. cxd4 Qb6 (10... Bg4 $1 11. dxc5 dxc5 (11... Bxb2 $2 12. Nbd2
$146) 12. Qc1 O-O 13. Nbd2 b6 (13... Nd4 14. Qxc5 $13) 14. h3 Be6 15. Rd1 Qc8
16. Ng5 Rd8 17. Bf1 Ne5 18. Qc2 N7c6 19. a3 Nd4 $15 {Hug-Hort, Petropolis izt
1973}) 11. Nc3 cxd4 (11... Qxb2 12. Na4 Qa3 13. dxc5 $16) 12. Na4 Qa6 13. Nxd4
$14 Ne5 14. Nc3 (14. h3 Nc4 (14... Nd3 15. Nc3 Nxb2 16. Qb3 Nd3 17. Ncb5 Nc5
18. Nc7+ Kd8 19. Nxa6 Nxb3 20. axb3 bxa6 $16) 15. Bc1 O-O 16. Nc3 $14) 14...
Bg4 15. Qb3 (15. f3 Nc4 16. Bf2 Bd7 17. Qe2) 15... O-O 16. Ncb5 Rfc8 17. h3 Bd7
18. Rfc1 N7c6 19. Bf1 (19. Nxd6 $4 Nxd4) 19... Qa5 20. Kg2 (20. Nxd6 Nxd4 21.
Rxc8+ Rxc8 22. Bxd4 Be6 (22... Nf3+ 23. Qxf3 Bxd4 24. Qxf7+) 23. Qe3) (20. f4
$6 Nxd4 21. Bxd4 (21. Nxd4 Nc6 22. Nxc6 Bxc6 23. Bg2 Re8 $15) 21... Bxb5 22.
fxe5 (22. Bxb5 $4 Nf3+) 22... dxe5 23. Qxb5 Qxb5 24. Bxb5 exd4 $15) 20... Nxd4
21. Bxd4 Be6 22. Qa3 Qxa3 23. bxa3 Rxc1 24. Rxc1 a6 25. Nxd6 Rd8 26. Bxe5 Bxe5
27. Nxb7 Rd2 28. Nc5 Bb2 29. Re1 (29. Re1 Bxa3 30. Nxe6 fxe6 31. Re2 Rxe2 32.
Bxe2 $10) 1/2-1/2

[Event "YUG-ch 55th"]
[Site "Subotica"]
[Date "2000.03.16"]
[Round "1"]
[White "Damljanovic, Branko"]
[Black "Mijailovic, Zoran"]
[Result "1-0"]
[WhiteElo "2534"]
[BlackElo "2394"]
[Annotator "Horn,Pe"]
[PlyCount "95"]
[EventDate "2000.03.16"]
[EventType "tourn"]
[EventRounds "15"]
[EventCountry "YUG"]
[EventCategory "10"]
[SourceTitle "CBM 076"]
[Source "ChessBase"]
[SourceDate "2000.05.31"]
[SourceVersion "1"]
[SourceVersionDate "2000.05.31"]
[SourceQuality "1"]

1. Nf3 c5 2. e4 e6 3. d3 Nc6 4. g3 g6 5. Bg2 Bg7 6. O-O Nge7 7. Re1 d6 8. c3 e5
9. a3 O-O 10. b4 h6 11. Be3 b6 12. Nh4 (12. Nbd2 Be6 13. Nb3 (13. Rb1 Qd7 14.
Nc4 Rae8 15. Qe2 f5 16. exf5 gxf5 17. bxc5 bxc5 18. d4 Nd5 $17 {Petkovic,
D-Marjanovic,S/Nis 1994}) 13... Qd7 14. Rb1 Bh3 15. d4 Bxg2 16. Kxg2 cxd4 17.
cxd4 f5 18. b5 fxe4 19. Nxe5 dxe5 20. bxc6 Nxc6 $17 {Rogoff,K-Kavalek,L/
Pasadena 1978}) (12. Qd2 Kh7 13. d4 exd4 14. cxd4 Bg4 15. e5 Bxf3 16. Bxf3 cxd4
17. Bxd4 dxe5 $17 {Baciu Ionescu,O-Botvinnik,I/Drobeta 1993}) (12. h3 Bb7 13.
Ra2 Kh7 14. d4 cxd4 15. cxd4 d5 16. exd5 Nxd5 17. Nxe5 Bxe5 18. dxe5 Nxe3 19.
Qxd8 Raxd8 20. fxe3 Rd7 $44 {Skripchenko,A-Hagarova,Z/Szeged 1994}) 12... Be6
13. b5 $146 (13. f4 $6 Qd7 $2 (13... exf4 14. gxf4 d5 $132) 14. f5 gxf5 15. b5
Na5 16. exf5 $16 {Walker,D-Emms,J/Norwich 1994}) 13... Na5 14. c4 {[%cal Yb1c3]
} Qd7 15. Nc3 Rae8 16. Rb1 {[%cal Yc3d5]} Kh7 ({Konsequent war} 16... f5 17.
exf5 (17. Bd2 $5) 17... gxf5) 17. Nd5 Nxd5 18. cxd5 Bh3 19. Bd2 Nb7 20. a4 Bf6
{Hier fängt Schwarz an, seltsam zu manövrieren: zunächst wird der Pf7
verstellt.} (20... Bxg2 21. Nxg2 f5 {und die schwarze Stellung macht einen
stabilen Eindruck.}) 21. Nf3 {Den N nach f3 zurückzujagen, ist kein so ganz
klarer Erfolg, da ihm das Traumfeld c4 winkt.} Kg7 (21... Bg4) 22. Bxh3 Qxh3
23. Qe2 Bd8 {Damit unterbindet Schwarz zwar a4-a5, aber ist das nicht eine
kümmerliche Rolle für den Bd8?} 24. Kh1 $1 Rh8 25. Bc3 $16 {Auf der Diagonalen
a1-h8 zeichnen sich für Schwarz jetzt einige Probleme ab.} h5 {[%cal Yh5h4]}
26. Rg1 Qd7 (26... h4 $140 $4 27. g4 $18) 27. Nd2 {[%cal Yd2c4,Yf2f4]} f5 {
Schwächt die Diagonale a1-h8 weiter.} (27... h4 {paßt eher zu den
vorangegangen Zügen; der weiße Vorteil ist aber nicht zu leugnen.} 28. f4 $16)
28. f4 Bf6 29. Nc4 Qf7 $2 (29... Rhf8 $16) 30. fxe5 Bxe5 (30... dxe5 31. Rbf1
$16) 31. Bxe5+ dxe5 32. Rbf1 h4 33. Qb2 (33. gxh4 $18) 33... Qf6 34. g4 (34.
exf5 g5) 34... f4 35. g5 {Die Qf6 muß die Deckung eines der Bauern aufgeben.}
Qe7 36. Rxf4 Ref8 $2 (36... Rh5 37. Rfg4) 37. Rxf8 (37. Nxe5 $142 Rxf4 38. Nc6+
$18) 37... Rxf8 38. Qxe5+ (38. Nxe5 $18) 38... Qxe5 39. Nxe5 Rf2 40. Nc4 h3 41.
e5 Kf7 42. Re1 Ke7 43. e6 Rf8 44. Kg1 Rd8 45. Re5 Rf8 46. Re3 Rh8 47. Rf3 Nd6
48. Ne5 1-0